000 00518cam a22002171 4500
001 sa 62001203
003 DLC
005 20260227111918.0
008 890614s1962 ii 000 0 hino
010 _asa 62001203
035 _a(OCoLC)19871523
040 _aDLC
_cWaU
_dDLC
042 _apremarc
050 0 0 _aPK2038
_b.B48
100 1 _aBhatnagar, Ram Ratan.
245 1 0 _aMūlya aura mūlyāṅkana.
260 _c[1962]
300 _a267 p.
_c23 cm.
500 _aIn Hindi.
650 0 _aHindi literature.
999 _c53212
_d53212